000 00649nam a22002177a 4500
003 UA-OsUOA
001 123372
007 ta
008 20170613b un ||||| |||| 00| 0 ukr d
100 _aГернего Ю.
090 _a330(477)
_bГ39
942 _cSA
040 _aUA-OsUOA
_bukr
_cUA-OsUOA
_dUA-OsUOA
245 _aОбгрунтування джерел фінансування інноватизації виробництва
300 _aС.120-127
955 _a0
041 _aukr
080 _a330(477)
773 0 _w123364
_tБанківська справа
_dК.
_d2017
_g2
650 7 _a330 Економіка взагалі
_2UDC
999 _c410386
_d410386